[Event "12th American Continental"]
[Site "Medellin COL"]
[Date "2017.06.14"]
[Round "7.71"]
[White "Agudelo, Carlos Daniel"]
[Black "Posada Zuluaga, Juan Manuel"]
[Result "1-0"]
[WhiteElo "1924"]
[BlackElo "2153"]
[EventDate "2017.06.10"]
[PlyCount "55"]

1.c4 Nf6 2.Nc3 d5 3.cxd5 Nxd5 4.d4 g6 5.e4 Nxc3 6.bxc3 Bg7 7.Nf3 c5 8.Rb1 
Nc6 9.d5 Ne5 10.Bb5+ Bd7 11.O-O Bxb5 12.Rxb5 Qc8 13.c4 O-O 14.Nxe5 Bxe5 
15.Bh6 Rd8 16.f4 Bd4+ 17.Kh1 e6 18.Rb3 exd5 19.cxd5 f5 20.Rg3 fxe4 21.f5 
Rxd5 22.fxg6 Qe6 23.gxh7+ Kh8 24.Qb3 Qa6 25.Rf5 c4 26.Qd1 Rd6 27.Qg4 Kxh7 
28.Rf7+ 1-0

[Event "12th American Continental"]
[Site "Medellin COL"]
[Date "2017.06.14"]
[Round "7.72"]
[White "Garcia Alarcon, Alvaro"]
[Black "Patino Garcia, Corals"]
[Result "1-0"]
[WhiteElo "2152"]
[BlackElo "1967"]
[EventDate "2017.06.10"]
[PlyCount "35"]

1.d4 d5 2.c4 c6 3.Nc3 Nf6 4.Nf3 e6 5.Bg5 Nbd7 6.e3 Be7 7.Qc2 O-O 8.Rd1 Re8
9.a3 a6 10.Bd3 h6 11.Bh4 b5 12.cxd5 cxd5 13.Bg3 Bb7 14.h3 Rc8 15.O-O Nb6 
16.Qe2 Nc4 17.Rc1 Bc6 18.Ne5 1-0

[Event "12th American Continental"]
[Site "Medellin COL"]
[Date "2017.06.14"]
[Round "7.74"]
[White "Cardoso Cardoso, Jose Gabriel"]
[Black "Quishpe Vaca, Andres"]
[Result "1-0"]
[WhiteElo "2134"]
[BlackElo "1929"]
[EventDate "2017.06.10"]
[PlyCount "89"]

1.d4 Nf6 2.c4 c5 3.d5 g6 4.Nc3 d6 5.e4 Bg7 6.Nf3 O-O 7.h3 e6 8.Bd3 Na6 9.
O-O e5 10.Re1 Nc7 11.a3 Nh5 12.Bf1 Rb8 13.b4 b6 14.Rb1 Bd7 15.Bg5 f6 16.
Be3 Nf4 17.Kh2 g5 18.g3 Ng6 19.Be2 h6 20.g4 Nf4 21.Bxf4 exf4 22.Qd2 Qe7 
23.e5 fxe5 24.Ne4 Na6 25.Rg1 Bf6 26.Bd3 Rfd8 27.Bc2 Be8 28.Qd3 Rb7 29.h4 
Kf8 30.hxg5 Bxg5 31.bxc5 Nxc5 32.Nxc5 dxc5 33.Rbe1 Bf6 34.Nxe5 Bxe5 35.
Qf5+ Qf6 36.Rxe5 Qxf5 37.gxf5 Bf7 38.Ba4 a6 39.Bc6 Re7 40.Re6 Bxe6 41.dxe6
Rd2 42.Bd5 Rxf2+ 43.Kh3 Rg7 44.Rxg7 Kxg7 45.e7 1-0

[Event "12th American Continental"]
[Site "Medellin COL"]
[Date "2017.06.14"]
[Round "7.76"]
[White "Cadavid Osorio, Juan Miguel"]
[Black "Noboa Silva, Kevin"]
[Result "1/2-1/2"]
[WhiteElo "1894"]
[BlackElo "2129"]
[EventDate "2017.06.10"]
[PlyCount "50"]

1.e4 e6 2.d4 d5 3.Nc3 Nf6 4.Bd3 c5 5.dxc5 Bxc5 6.exd5 exd5 7.Nf3 h6 8.O-O 
O-O 9.h3 Nc6 10.Bf4 a6 11.Qd2 Nb4 12.Be5 Be6 13.Rad1 Bd6 14.Bxd6 Qxd6 15.
Nd4 Nc6 16.Be2 Rad8 17.Nxc6 bxc6 18.Bxa6 d4 19.Rfe1 c5 20.Bf1 Ra8 21.Nb5 
Qb6 22.a3 Bd7 23.c4 Rfd8 24.Re5 Bc6 25.Qf4 Rac8 1/2-1/2

[Event "12th American Continental"]
[Site "Medellin COL"]
[Date "2017.06.14"]
[Round "7.77"]
[White "Chang, Suzana"]
[Black "Ramos Arboleda, Dellys Carolina"]
[Result "1-0"]
[WhiteElo "2127"]
[BlackElo "1664"]
[EventDate "2017.06.10"]
[PlyCount "53"]

1.d4 d5 2.c4 c6 3.cxd5 cxd5 4.Nc3 e6 5.Nf3 Be7 6.Bf4 Nf6 7.e3 O-O 8.Bd3 
Nbd7 9.h3 Qa5 10.O-O Ne8 11.Qc2 h6 12.Nb5 Nb6 13.Nd2 Bb4 14.Nb3 Qa4 15.a3 
Be7 16.Rac1 Bd7 17.Nc3 Qc6 18.Na5 Qc8 19.Qe2 Bc6 20.b4 a6 21.Nxc6 Qxc6 22.
b5 Qd7 23.bxa6 bxa6 24.Bxa6 Bxa3 25.Rb1 Qc6 26.Rb3 Nc4 27.Bb7 1-0

[Event "12th American Continental"]
[Site "Medellin COL"]
[Date "2017.06.14"]
[Round "7.78"]
[White "Londono Lopez, Donaldo"]
[Black "Gonzalez Lopez, Nicolas Mateo"]
[Result "0-1"]
[WhiteElo "1578"]
[BlackElo "2127"]
[EventDate "2017.06.10"]
[PlyCount "52"]

1.e4 c6 2.d4 d5 3.Nc3 dxe4 4.Nxe4 Nd7 5.Ng5 Ngf6 6.Bd3 e6 7.N1f3 Bd6 8.Qe2
h6 9.Ne4 Nxe4 10.Bxe4 Nf6 11.Bd3 c5 12.dxc5 Bxc5 13.O-O O-O 14.Be3 Bxe3 
15.Qxe3 b6 16.Rad1 Qc7 17.Qe5 Qxe5 18.Nxe5 Bb7 19.Bb5 Rac8 20.c3 Rc5 21.
Nd7 Rxb5 22.Nxf8 Kxf8 23.b4 Ke7 24.f3 Re5 25.Rd3 Ba6 26.f4 Re4 0-1

[Event "12th American Continental"]
[Site "Medellin COL"]
[Date "2017.06.14"]
[Round "7.80"]
[White "Robledo Legarda, Andres Mauricio"]
[Black "Montenegro Mancera, Juan Rolando"]
[Result "1-0"]
[WhiteElo "1942"]
[BlackElo "2146"]
[EventDate "2017.06.10"]
[PlyCount "69"]

1.d4 d5 2.c4 e6 3.g3 Nf6 4.Bg2 c6 5.Nf3 Nbd7 6.O-O Be7 7.b3 O-O 8.Bb2 b6 
9.Nbd2 Bb7 10.Rc1 Rc8 11.Qc2 Qc7 12.cxd5 exd5 13.e4 Nxe4 14.Nxe4 dxe4 15.
Qxe4 Nf6 16.Qb1 Nd5 17.h4 Rfe8 18.Ng5 Bxg5 19.hxg5 Qd7 20.Be4 g6 21.Bf3 
Qe7 22.Rcd1 Qxg5 23.Qc1 Qf6 24.Kg2 Qf5 25.Rh1 h5 26.Qh6 Re6 27.g4 Qf4 28.
Qxf4 Nxf4+ 29.Kg3 Ne2+ 30.Kh4 hxg4 31.Kxg4 Kf8 32.Rhe1 Ba6 33.d5 cxd5 34.
Bxd5 Ree8 35.Bf6 1-0

[Event "12th American Continental"]
[Site "Medellin COL"]
[Date "2017.06.14"]
[Round "7.81"]
[White "Silva, Enmanuel"]
[Black "Arboleda Orozco, Juan Manuel"]
[Result "1-0"]
[WhiteElo "2119"]
[BlackElo "1927"]
[EventDate "2017.06.10"]
[PlyCount "55"]

1.e4 c5 2.Nc3 Nc6 3.g3 g6 4.Bg2 Bg7 5.f4 d6 6.d3 Nf6 7.h3 O-O 8.Nf3 e5 9.
O-O Nh5 10.Ne2 Nd4 11.Kh2 exf4 12.Nxf4 Nxf4 13.gxf4 f5 14.Nxd4 Bxd4 15.e5 
c4 16.c3 Bb6 17.Bd5+ Kh8 18.Bxc4 dxe5 19.fxe5 f4 20.Rxf4 Rxf4 21.Bxf4 Qh4 
22.Qf3 Bxh3 23.Bg3 Qe7 24.Kxh3 Rf8 25.Qg4 Rf5 26.d4 Qd7 27.e6 Rh5+ 28.Qxh5
1-0

[Event "12th American Continental"]
[Site "Medellin COL"]
[Date "2017.06.14"]
[Round "7.85"]
[White "Arango, Andres Mauricio"]
[Black "Rivera, Luis Enrique"]
[Result "1-0"]
[WhiteElo "2103"]
[BlackElo "1885"]
[EventDate "2017.06.10"]
[PlyCount "103"]

1.e4 d6 2.d4 c6 3.Nf3 Nf6 4.e5 dxe5 5.Nxe5 Nbd7 6.Bf4 Nxe5 7.Bxe5 Qb6 8.b3
Ng4 9.Bg3 g6 10.h3 Nf6 11.c3 Bg7 12.Bd3 O-O 13.O-O c5 14.dxc5 Qxc5 15.b4 
Qc6 16.Qe2 Be6 17.Be5 Rfd8 18.Nd2 Qd5 19.Bd4 Nh5 20.Be4 Qd7 21.Nf3 Bxd4 
22.Nxd4 Rac8 23.Nxe6 Qxe6 24.Qf3 b6 25.Rfe1 Qc4 26.Re3 Rd2 27.a4 Rcd8 28.
Rae1 Kg7 29.Bc6 R8d6 30.Bb5 Qa2 31.R3e2 Rf6 32.Qe3 Rxe2 33.Rxe2 Qb1+ 34.
Re1 Qc2 35.Qd4 e6 36.g4 Nf4 37.Bf1 g5 38.h4 h6 39.hxg5 hxg5 40.Re5 Qg6 41.
a5 bxa5 42.bxa5 Qh6 43.Re3 Qh4 44.Rg3 a6 45.c4 Qh8 46.Qe5 Kg6 47.c5 Qd8 
48.c6 Qd2 49.c7 Qc2 50.Bxa6 Nh3+ 51.Rxh3 Qxf2+ 52.Kh1 1-0

[Event "12th American Continental"]
[Site "Medellin COL"]
[Date "2017.06.14"]
[Round "7.86"]
[White "Sanchez, Jorge"]
[Black "Oquendo, Eder"]
[Result "1-0"]
[WhiteElo "2092"]
[BlackElo "1884"]
[EventDate "2017.06.10"]
[PlyCount "63"]

1.e4 c5 2.Nf3 d6 3.d4 cxd4 4.Nxd4 Nf6 5.Nc3 g6 6.Be2 a6 7.O-O Bg7 8.Be3 
Nbd7 9.Kh1 b5 10.f4 Bb7 11.Bf3 Rc8 12.Nd5 Nxd5 13.exd5 Qc7 14.c3 Nf6 15.
Nb3 a5 16.a4 b4 17.cxb4 axb4 18.Qd2 O-O 19.Rfc1 Qb8 20.Na5 Qa8 21.Nxb7 
Qxb7 22.Rxc8 Rxc8 23.a5 Ra8 24.h3 Nd7 25.Be2 Nc5 26.Bxc5 dxc5 27.d6 Rd8 
28.a6 Qa7 29.dxe7 Rxd2 30.e8=Q+ Bf8 31.Bc4 Qd7 32.Qxd7 1-0

[Event "12th American Continental"]
[Site "Medellin COL"]
[Date "2017.06.14"]
[Round "7.89"]
[White "Vallejo, Humberto"]
[Black "Builes Palacio, Santiago"]
[Result "1-0"]
[WhiteElo "2059"]
[BlackElo "1756"]
[EventDate "2017.06.10"]
[PlyCount "47"]

1.e4 e6 2.Nf3 d5 3.e5 c5 4.b4 d4 5.bxc5 Bxc5 6.Bd3 Ne7 7.O-O Nbc6 8.Na3 b6
9.Re1 Bb7 10.Ng5 Ng6 11.Qh5 Qe7 12.Nb5 Nf4 13.Nd6+ Bxd6 14.exd6 Qd7 15.Qf3
Nxd3 16.Qxd3 Qxd6 17.Ba3 Qd5 18.Qg3 Ne7 19.Bxe7 Kxe7 20.Re5 Qc6 21.Rae1 h6
22.Nxe6 Qxg2+ 23.Qxg2 Bxg2 24.Nxd4+ 1-0

[Event "12th American Continental"]
[Site "Medellin COL"]
[Date "2017.06.14"]
[Round "7.90"]
[White "Castano Ortiz, Eder"]
[Black "Ruiz Agudelo, Santiago"]
[Result "1/2-1/2"]
[WhiteElo "2029"]
[BlackElo "1870"]
[EventDate "2017.06.10"]
[PlyCount "62"]

1.d4 d5 2.Bf4 Nf6 3.e3 c5 4.c3 cxd4 5.exd4 Nc6 6.Bd3 Bg4 7.Nf3 e6 8.Nbd2 
Bd6 9.Bg3 O-O 10.Qb1 a6 11.Ne5 Bf5 12.O-O Qc7 13.Re1 b5 14.f4 Bg6 15.f5 
exf5 16.Bxf5 b4 17.Qd3 Bxf5 18.Qxf5 bxc3 19.bxc3 Ne7 20.Qd3 Ng6 21.c4 dxc4
22.Ndxc4 Nxe5 23.dxe5 Bc5+ 24.Kh1 Nh5 25.Bh4 Nf4 26.Qe4 Ne6 27.Rad1 Rab8 
28.Rb1 Rfc8 29.Rxb8 Rxb8 30.Qd5 Qb7 31.Qxb7 Rxb7 1/2-1/2

[Event "12th American Continental"]
[Site "Medellin COL"]
[Date "2017.06.14"]
[Round "7.95"]
[White "Florez Castro, Estiven"]
[Black "Nino Penaloza, Cesar Gerardo"]
[Result "1-0"]
[WhiteElo "1820"]
[BlackElo "1972"]
[EventDate "2017.06.10"]
[PlyCount "95"]

1.c4 Nf6 2.Nc3 e5 3.g3 Bc5 4.Bg2 O-O 5.e3 d6 6.Nge2 Nc6 7.O-O Be6 8.d4 
exd4 9.exd4 Bb6 10.d5 Ne5 11.dxe6 fxe6 12.b3 Nfg4 13.Nf4 g5 14.Nh3 h6 15.
Bd2 Qf6 16.c5 dxc5 17.Ne4 Qf5 18.Qe2 Rad8 19.Bc3 Nd3 20.Rad1 c4 21.bxc4 
Ndxf2 22.Nhxf2 Rxd1 23.Rxd1 Nxf2 24.Nxf2 Qxf2+ 25.Qxf2 Rxf2 26.Bd4 Bxd4 
27.Rxd4 Rxa2 28.Bxb7 a5 29.Re4 Rc2 30.Rxe6 Rxc4 31.Rxh6 Rc1+ 32.Kg2 c5 33.
Rg6+ Kf8 34.Rxg5 a4 35.Rf5+ Kg7 36.Rf1 Rc3 37.h4 Kg6 38.Rf2 Kh6 39.g4 a3 
40.Be4 Rc4 41.Bf5 Ra4 42.Ra2 Kg7 43.Kf2 Kf6 44.Ke2 Ra8 45.Kd2 Ke5 46.Kc3 
Rh8 47.h5 Ra8 48.h6 1-0

[Event "12th American Continental"]
[Site "Medellin COL"]
[Date "2017.06.14"]
[Round "7.97"]
[White "Pereira Vera, Henry Alberto"]
[Black "Chirivi Castiblanco, Angie Lizeth"]
[Result "1-0"]
[WhiteElo "1884"]
[BlackElo "2105"]
[EventDate "2017.06.10"]
[PlyCount "56"]

1.b3 e5 2.Bb2 d6 3.e3 Nf6 4.c4 Nbd7 5.d3 Be7 6.Nd2 a5 7.a3 c6 8.Ngf3 Qc7 
9.Rc1 Qb8 10.Qc2 O-O 11.Be2 Ne8 12.O-O f5 13.Rfd1 f4 14.e4 c5 15.Nb1 Ndf6 
16.Nc3 Bd7 17.Nd2 Qd8 18.Kh1 Nc7 19.Nd5 Ncxd5 20.exd5 Ng4 21.Ne4 Bh4 22.
Bxg4 Bxg4 23.f3 Bf5 24.Bc3 g5 25.b4 axb4 26.axb4 b6 27.bxc5 bxc5 28.Ra1 
Qd7 1-0

[Event "12th American Continental"]
[Site "Medellin COL"]
[Date "2017.06.14"]
[Round "7.100"]
[White "Gallardo Rojel, Alejandro"]
[Black "Renteria, Rolando"]
[Result "1/2-1/2"]
[WhiteElo "1837"]
[BlackElo "2077"]
[EventDate "2017.06.10"]
[PlyCount "63"]

1.e4 c5 2.Nf3 e6 3.b3 d5 4.exd5 exd5 5.Bb5+ Nc6 6.O-O Be6 7.Bb2 d4 8.d3 
Qb6 9.Bxc6+ Qxc6 10.Ng5 O-O-O 11.Nxe6 fxe6 12.Nd2 Ne7 13.Nc4 Ng6 14.Re1 h5
15.Ne5 Nxe5 16.Rxe5 Bd6 17.Rxh5 g6 18.Rxh8 Rxh8 19.h3 Qd5 20.Qg4 Qe5 21.
Kf1 g5 22.Re1 Qf5 23.Qe4 Rh6 24.Bc1 Rg6 25.g4 Qf7 26.Re2 Kb8 27.Kg2 Ka8 
28.Bd2 Bb8 29.b4 Qc7 30.Kf1 Qh2 31.bxc5 Qxh3+ 32.Qg2 1/2-1/2

[Event "12th American Continental"]
[Site "Medellin COL"]
[Date "2017.06.14"]
[Round "7.101"]
[White "Viveros Torres, Erica Johana"]
[Black "Zapata Hincapie, Jhon Alexander"]
[Result "0-1"]
[WhiteElo "1828"]
[BlackElo "2055"]
[EventDate "2017.06.10"]
[PlyCount "70"]

1.e4 c5 2.Nf3 d6 3.d4 cxd4 4.Nxd4 Nf6 5.Nc3 a6 6.Be2 e6 7.O-O Qc7 8.a4 b6 
9.f4 Bb7 10.Bf3 Nbd7 11.Qe1 e5 12.Nde2 Be7 13.Kh1 O-O 14.f5 Rfe8 15.g4 Nc5
16.Ng3 d5 17.g5 Nfxe4 18.Ngxe4 Nxe4 19.Nxe4 dxe4 20.Bxe4 Rad8 21.Bxb7 
Qxb7+ 22.Kg1 Rd4 23.Qg3 Re4 24.Rf3 Bc5+ 25.Kf1 Qd7 26.c3 Qd1+ 27.Kg2 Re1 
28.Be3 Qxa1 29.Bxc5 bxc5 30.Kh3 Rg1 31.Qf2 Rxg5 32.Qxc5 Qxa4 33.b4 Qc2 34.
Qf2 Qe4 35.Rg3 Rh5# 0-1

[Event "12th American Continental"]
[Site "Medellin COL"]
[Date "2017.06.14"]
[Round "7.103"]
[White "Silva, Jorge"]
[Black "Descarrega Zacarias, Vanessa"]
[Result "1-0"]
[WhiteElo "1977"]
[BlackElo "1883"]
[EventDate "2017.06.10"]
[PlyCount "59"]

1.e4 c5 2.Nf3 d6 3.c3 Nf6 4.Be2 e6 5.O-O Be7 6.Re1 O-O 7.Bf1 a6 8.d4 cxd4 
9.cxd4 b5 10.a4 b4 11.Bf4 Bb7 12.Nbd2 d5 13.e5 Ne4 14.Bd3 Nxd2 15.Bxd2 a5 
16.Rc1 h6 17.Bb1 h5 18.g3 Nc6 19.Nh4 g6 20.Nxg6 fxg6 21.Bxg6 Kg7 22.Bxh5 
Rf5 23.Qg4+ Bg5 24.h4 Nxd4 25.Bxg5 Nf3+ 26.Qxf3 Qb6 27.Qe2 Ba6 28.Qd2 d4 
29.Bf6+ Kh7 30.Bg4 1-0

[Event "12th American Continental"]
[Site "Medellin COL"]
[Date "2017.06.14"]
[Round "7.104"]
[White "Obando Guzman, Soren Federico"]
[Black "Arosemena, Franklin Alberto"]
[Result "1-0"]
[WhiteElo "1964"]
[BlackElo "1881"]
[EventDate "2017.06.10"]
[PlyCount "58"]

1.d4 d5 2.c4 c6 3.Nf3 Nf6 4.e3 Bf5 5.Nc3 e6 6.Nh4 Be4 7.f3 Bg6 8.Qb3 Qb6 
9.Bd2 Be7 10.g3 Bh5 11.Be2 Nbd7 12.Ng2 Bg6 13.Nf4 dxc4 14.Bxc4 Qc7 15.
O-O-O Nd5 16.Nxg6 hxg6 17.e4 Nxc3 18.Bxc3 Nf6 19.d5 exd5 20.exd5 b5 21.Be2
O-O 22.dxc6 a6 23.Kb1 Qxc6 24.Bd3 Qxf3 25.Bxg6 b4 26.Rhf1 Qb7 27.Bc2 Rad8 
28.Bf5 Qb5 29.Bd4 Nd5 1-0

[Event "12th American Continental"]
[Site "Medellin COL"]
[Date "2017.06.14"]
[Round "7.105"]
[White "Toro Castaneda, Elizabeth"]
[Black "Morera Campos, Hazel Maria"]
[Result "1-0"]
[WhiteElo "1953"]
[BlackElo "1859"]
[EventDate "2017.06.10"]
[PlyCount "67"]

1.e4 c6 2.Nf3 d5 3.Nc3 dxe4 4.Nxe4 Bg4 5.h3 Bxf3 6.Qxf3 e6 7.d3 Nf6 8.Bd2 
Nbd7 9.O-O-O Qc7 10.g4 O-O-O 11.g5 Nxe4 12.Qxe4 Nc5 13.Qe3 Qb6 14.Qf4 Qc7 
15.Qg4 Bd6 16.f4 g6 17.Bg2 h5 18.gxh6 Rxh6 19.Rhf1 Rhh8 20.d4 Nd7 21.Qe2 
Nf6 22.Qf2 Kb8 23.Kb1 Rh5 24.c4 Be7 25.Be3 Ka8 26.Rc1 Qd7 27.Rfd1 Bf8 28.
d5 exd5 29.Bxa7 Qf5+ 30.Ka1 Bh6 31.Bb6 Rd7 32.Qf3 Bf8 33.Qb3 Bb4 34.Qa4+ 
1-0

[Event "12th American Continental"]
[Site "Medellin COL"]
[Date "2017.06.14"]
[Round "7.106"]
[White "Rodriguez Arrieta, Maria Elena"]
[Black "Ramirez Gonzalez, Maria Jose"]
[Result "1-0"]
[WhiteElo "1926"]
[BlackElo "1824"]
[EventDate "2017.06.10"]
[PlyCount "77"]

1.e4 e5 2.Nf3 Nc6 3.Bb5 a6 4.Ba4 Nf6 5.O-O b5 6.Bb3 Bc5 7.c3 d6 8.d4 Bb6 
9.a4 Rb8 10.a5 Ba7 11.Be3 Bg4 12.Nbd2 exd4 13.cxd4 Nxd4 14.Bxd4 Bxd4 15.
Bxf7+ Kf8 16.Qb3 Qe7 17.Nxd4 Qxf7 18.Qd3 Bd7 19.N4f3 Re8 20.Rac1 Bc8 21.
Rfe1 Ng4 22.h3 Ne5 23.Qc3 Re7 24.Nxe5 dxe5 25.Nf3 Qf4 26.Re3 g5 27.Qc5 Kf7
28.Nh2 g4 29.hxg4 Bxg4 30.Nxg4 Qxg4 31.Rf3+ Ke8 32.Qc6+ Qd7 33.Qxa6 Re6 
34.Qa8+ Qd8 35.Qxd8+ Kxd8 36.Rd3+ Rd6 37.Rxd6+ cxd6 38.Rc6 Kd7 39.Rb6 1-0

[Event "12th American Continental"]
[Site "Medellin COL"]
[Date "2017.06.14"]
[Round "7.107"]
[White "Velasquez, Andres"]
[Black "Gamboa Alvarado, Olga Leticia"]
[Result "1-0"]
[WhiteElo "1731"]
[BlackElo "1925"]
[EventDate "2017.06.10"]
[PlyCount "35"]

1.e4 e6 2.d4 d5 3.Nc3 Nf6 4.Bg5 dxe4 5.Nxe4 Be7 6.Nxf6+ gxf6 7.Be3 c6 8.
Qh5 Qb6 9.O-O-O Nd7 10.Bc4 Qc7 11.Bxe6 Rf8 12.Bh6 Nb6 13.Bxc8 Rxc8 14.Bxf8
Kxf8 15.Qxh7 Ke8 16.Nf3 Nc4 17.Qg8+ Kd7 18.Qxf7 1-0

[Event "12th American Continental"]
[Site "Medellin COL"]
[Date "2017.06.14"]
[Round "7.113"]
[White "Borensztajn, David"]
[Black "Leon Acevedo, Juan Alejandro"]
[Result "1-0"]
[WhiteElo "1950"]
[BlackElo "1659"]
[EventDate "2017.06.10"]
[PlyCount "83"]

1.d4 Nf6 2.Bf4 g6 3.Nc3 Bg7 4.e4 d6 5.Nf3 Nbd7 6.Qd2 O-O 7.Bh6 c5 8.h4 
cxd4 9.Nxd4 Ne5 10.h5 Neg4 11.Bxg7 Kxg7 12.hxg6 fxg6 13.Bc4 e5 14.Ne6+ 
Bxe6 15.Bxe6 Qe7 16.Bb3 Ne8 17.f3 Ngf6 18.Qh6+ Kh8 19.Qxg6 Qg7 20.Qxg7+ 
Kxg7 21.Rd1 a6 22.Bd5 Rb8 23.g4 h6 24.Ke2 b5 25.Bc6 b4 26.Nb1 Rc8 27.Ba4 
a5 28.c3 Rb8 29.c4 Rc8 30.b3 Rd8 31.Nd2 Nc7 32.Nf1 Ne6 33.Ne3 Nd4+ 34.Rxd4
exd4 35.Nf5+ Kf7 36.Nxd4 Rh8 37.Nf5 Kg6 38.Ke3 Kg5 39.Nd4 Kg6 40.Nc6 Ra8 
41.Rd1 Ne8 42.Rd5 1-0

[Event "12th American Continental"]
[Site "Medellin COL"]
[Date "2017.06.14"]
[Round "7.114"]
[White "Moyses Sobrinho, Elias"]
[Black "Vargas, Rogelio"]
[Result "1-0"]
[WhiteElo "1938"]
[BlackElo "1619"]
[EventDate "2017.06.10"]
[PlyCount "73"]

1.d4 Nf6 2.c4 g6 3.Nc3 Bg7 4.e4 d6 5.Nf3 c6 6.Be2 O-O 7.O-O Nbd7 8.h3 e5 
9.Be3 a6 10.Qd2 exd4 11.Bxd4 Ne5 12.Rfd1 Qe7 13.Nxe5 dxe5 14.Be3 Be6 15.
Na4 Nd7 16.Qa5 b5 17.Nb6 Nxb6 18.Qxb6 Rfc8 19.c5 f5 20.Rd6 f4 21.Bd2 Rab8 
22.Qxa6 Ra8 23.Qb6 Rab8 24.Qa5 Bf8 25.Bd1 Qf6 26.Rxe6 Qg5 27.Bb3 Kh8 28.
Bc3 Bg7 29.Rd1 f3 30.g3 Rd8 31.Red6 Rf8 32.Rd7 Bf6 33.Qc7 Qh6 34.Be6 Qh5 
35.Bg4 Qh6 36.Bd2 g5 37.Bf5 1-0

[Event "12th American Continental"]
[Site "Medellin COL"]
[Date "2017.06.14"]
[Round "7.115"]
[White "Lopez Gonzalez, Carlos Andres"]
[Black "Paniagua Davila, Fabio De Jesus"]
[Result "1/2-1/2"]
[WhiteElo "1653"]
[BlackElo "1862"]
[EventDate "2017.06.10"]
[PlyCount "60"]

1.e4 e5 2.Nf3 Nc6 3.Bb5 a6 4.Ba4 Nf6 5.O-O b5 6.Bb3 Bb7 7.d4 d6 8.Ng5 d5 
9.dxe5 Nxe5 10.exd5 Bd6 11.Nc3 O-O 12.Nge4 h6 13.Nxf6+ Qxf6 14.Ne4 Qh4 15.
Nxd6 cxd6 16.a4 b4 17.a5 Rab8 18.Ra4 Bc8 19.f4 Ng4 20.h3 Nf6 21.Qe1 Qxe1 
22.Rxe1 Bd7 23.Ra1 Rfc8 24.g4 Rb5 25.Rd1 Rb7 26.Be3 h5 27.g5 Ne4 28.Rd4 
Bf5 29.Ba4 Ng3 30.Kf2 h4 1/2-1/2

[Event "12th American Continental"]
[Site "Medellin COL"]
[Date "2017.06.14"]
[Round "7.116"]
[White "Sarmiento Mojica, Carolina"]
[Black "Serrato, Rafael Antonio"]
[Result "1-0"]
[WhiteElo "1618"]
[BlackElo "1836"]
[EventDate "2017.06.10"]
[PlyCount "51"]

1.e4 c5 2.Nf3 e6 3.d4 cxd4 4.Nxd4 a6 5.Nc3 Qc7 6.Be3 Nf6 7.Bd3 Be7 8.O-O 
d6 9.f4 Nc6 10.Qe2 O-O 11.Rad1 b5 12.Nxc6 Qxc6 13.e5 Nd7 14.Bd4 d5 15.Qf3 
Bc5 16.Ne2 f5 17.g4 g6 18.gxf5 gxf5 19.Kh1 Bb7 20.Rg1+ Kh8 21.Rg3 Rf7 22.
Rdg1 Raf8 23.Qg2 Qc8 24.Rg7 Qe8 25.c3 Bb6 26.Qg5 1-0

[Event "12th American Continental"]
[Site "Medellin COL"]
[Date "2017.06.14"]
[Round "7.118"]
[White "Giraldo, Leonardo Emilio"]
[Black "Moreno Rios, Mateo"]
[Result "1-0"]
[WhiteElo "1912"]
[BlackElo "1669"]
[EventDate "2017.06.10"]
[PlyCount "103"]

1.e4 c5 2.Nf3 e6 3.d3 Nc6 4.g3 g6 5.Bg2 Bg7 6.O-O Nge7 7.c3 O-O 8.Nbd2 f5 
9.Qe2 b6 10.Re1 Bb7 11.Nc4 Nc8 12.Bg5 Bf6 13.Bxf6 Qxf6 14.exf5 d5 15.Nce5 
Qxf5 16.Nxc6 Bxc6 17.Qxe6+ Qxe6 18.Rxe6 Bd7 19.Re5 Bc6 20.Ng5 Rf5 21.Rxf5 
gxf5 22.Re1 Nd6 23.Re5 Re8 24.Bxd5+ Bxd5 25.Rxd5 Rd8 26.Ne6 Rd7 27.Nf4 Kf7
28.Re5 Kf6 29.Re6+ Kf7 30.Kg2 b5 31.f3 a5 32.g4 fxg4 33.fxg4 c4 34.d4 b4 
35.Rh6 Kg7 36.Rh5 bxc3 37.bxc3 Ne4 38.Rxa5 Nxc3 39.Rc5 Ra7 40.Rxc4 Rxa2+ 
41.Kh3 Ne4 42.Rc7+ Kf6 43.Nh5+ Kg5 44.Rg7+ Kh6 45.Re7 Ra3+ 46.Kg2 Ra2+ 47.
Kf1 Nd2+ 48.Ke2 Nb3+ 49.Ke3 Rxh2 50.d5 Rh3+ 51.Kf4 Rd3 52.Re6# 1-0

[Event "12th American Continental"]
[Site "Medellin COL"]
[Date "2017.06.14"]
[Round "7.119"]
[White "Mora Suarez, Juan Felipe"]
[Black "Correa, Daniel"]
[Result "1-0"]
[WhiteElo "1858"]
[BlackElo "1595"]
[EventDate "2017.06.10"]
[PlyCount "60"]

1.d4 Nf6 2.Bg5 Ne4 3.Bf4 c5 4.f3 g5 5.Bc1 Qa5+ 6.c3 Nf6 7.Bxg5 Bg7 8.d5 d6
9.Na3 Nbd7 10.Nc4 Qc7 11.a4 Nb6 12.e4 Bd7 13.Bd3 Rg8 14.Qd2 h6 15.Bf4 Nxc4
16.Bxc4 O-O-O 17.Kf2 h5 18.Ne2 Nh7 19.Ng3 h4 20.Nf5 Bxf5 21.exf5 Nf6 22.
Rae1 Rde8 23.Bg5 Rh8 24.Re2 a6 25.Rhe1 h3 26.g4 Qd8 27.Qd3 Ng8 28.b4 f6 
29.Bf4 b6 30.Bxa6+ {illegible} 30...Kb8 1-0

[Event "12th American Continental"]
[Site "Medellin COL"]
[Date "2017.06.14"]
[Round "7.128"]
[White "Croes, Octavio"]
[Black "Prado Useche, Leonardo"]
[Result "0-1"]
[WhiteElo "1888"]
[BlackElo "2140"]
[EventDate "2017.06.10"]
[PlyCount "76"]

1.d4 Nf6 2.c4 c5 3.Nf3 e6 4.Nc3 d5 5.cxd5 exd5 6.g3 Nc6 7.Bg2 Bg4 8.O-O 
Be7 9.Bf4 O-O 10.dxc5 Bxc5 11.e3 Qd7 12.Bg5 Rad8 13.Qa4 Be7 14.Nd4 Be6 15.
Nxe6 fxe6 16.Rac1 h6 17.Bxf6 Bxf6 18.Qg4 Qf7 19.a3 a6 20.b4 Ne5 21.Qe2 Nc4
22.e4 d4 23.Qxc4 dxc3 24.f4 Rc8 25.Qa2 Bd4+ 26.Kh1 e5 27.Qxf7+ Rxf7 28.Rc2
Rcf8 29.Rd1 Rc7 30.fxe5 Bxe5 31.Rd5 Re8 32.Bh3 Bf6 33.Bg2 Re5 34.Kg1 Kf7 
35.Kf2 Rxd5 36.exd5 a5 37.Ke2 axb4 38.axb4 Rc4 {illegible} 0-1

[Event "12th American Continental"]
[Site "Medellin COL"]
[Date "2017.06.15"]
[Round "8.4"]
[White "Barrientos Chavarriaga, Sergio"]
[Black "Cordova Daza, Emilio"]
[Result "0-1"]
[WhiteElo "2463"]
[BlackElo "2651"]
[EventDate "2017.06.10"]
[PlyCount "106"]

1.d4 Nf6 2.Nf3 e6 3.c4 b6 4.a3 c5 5.Nc3 cxd4 6.Nxd4 Bb7 7.Ndb5 d6 8.Bg5 a6
9.Bxf6 gxf6 10.Nd4 f5 11.e3 Nd7 12.Nf3 Rg8 13.g3 Rc8 14.Be2 Ne5 15.b3 Qc7 
16.O-O Qc6 17.e4 fxe4 18.Nd4 Qc5 19.Na4 Qc7 20.Qd2 Rg6 21.Rad1 Ba8 22.Bh5 
Qb7 23.Bxg6 hxg6 24.Qe2 Bg7 25.Qe3 b5 26.Nb2 Rc5 27.h3 Bf6 28.b4 Nxc4 29.
Nxc4 Rxc4 30.Ne2 d5 31.h4 e5 32.Qh6 Ke7 33.g4 Qc8 34.g5 Bh8 35.Ng3 Qg8 36.
Rc1 Bb7 37.h5 Bg7 38.Nf5+ gxf5 39.Qb6 Qc8 40.Rxc4 bxc4 41.h6 Bh8 42.Kh2 
Qc6 43.Qa7 d4 44.Rg1 e3 45.fxe3 Qe4 46.Kh3 Qxe3+ 47.Kh4 Qe4+ 48.Kh3 f4 49.
Qc5+ Ke8 50.Kh4 Bc6 51.Qd6 f3+ 52.Rg4 Qd5 53.Qc7 f2 0-1

[Event "12th American Continental"]
[Site "Medellin COL"]
[Date "2017.06.15"]
[Round "8.7"]
[White "Fier, Alexandr"]
[Black "Bacallao Alonso, Yusnel"]
[Result "1/2-1/2"]
[WhiteElo "2576"]
[BlackElo "2554"]
[EventDate "2017.06.10"]
[PlyCount "116"]

1.d4 Nf6 2.c4 e6 3.Nf3 d5 4.Nc3 Nbd7 5.cxd5 exd5 6.Bf4 c6 7.h3 Be7 8.e3 
O-O 9.Bd3 Re8 10.Qc2 Nf8 11.O-O Ng6 12.Bh2 Bd6 13.Bxd6 Qxd6 14.Rab1 Bd7 
15.b4 Rac8 16.Rfc1 b6 17.Ba6 Rb8 18.b5 c5 19.dxc5 bxc5 20.Rd1 Ne5 21.Ne1 
Qe6 22.Nd3 Qf5 23.Rbc1 d4 24.exd4 Nf3+ 25.gxf3 Qg5+ 26.Kh2 Qh4 27.Qd2 cxd4
28.Na4 Nd5 29.Rh1 Qxh3+ 30.Kg1 Qxf3 31.Rh2 Re4 32.Ne1 Rg4+ 33.Kf1 Qf6 34.
Nc5 Bf5 35.Bb7 Ne3+ 36.Ke2 Re8 37.fxe3 dxe3 38.Qc3 Rd4 39.Nf3 Rd2+ 40.Ke1 
Qd6 41.Rxd2 exd2+ 42.Kf2 dxc1=Q 43.Qxc1 h6 44.Bc6 Re7 45.Nb3 g5 46.Qd2 Qf6
47.Qd4 Qe6 48.Qd2 Kg7 49.Nc5 Qf6 50.Qd4 g4 51.Qxf6+ Kxf6 52.Nd4 Bc8 53.a4 
Ke5 54.Ne2 Kd6 55.Ne4+ Ke5 56.Nc5 f5 57.Nd3+ Kd6 58.Ndf4 Ke5 1/2-1/2

[Event "12th American Continental"]
[Site "Medellin COL"]
[Date "2017.06.15"]
[Round "8.8"]
[White "Ortiz Suarez, Isan Reynaldo"]
[Black "Ramirez Alvarez, Alejandro"]
[Result "1/2-1/2"]
[WhiteElo "2570"]
[BlackElo "2552"]
[EventDate "2017.06.10"]
[PlyCount "44"]

1.e4 c5 2.Nf3 e6 3.d4 cxd4 4.Nxd4 Nc6 5.Nc3 Qc7 6.Be3 a6 7.Be2 Nf6 8.O-O 
Be7 9.f4 d6 10.Kh1 O-O 11.a4 Nxd4 12.Qxd4 Bd7 13.e5 Ne8 14.a5 Bc6 15.Na4 
f6 16.c4 dxe5 17.fxe5 Rd8 18.Qc3 Qxe5 19.Qxe5 fxe5 20.Nc5 Rxf1+ 21.Rxf1 
Nf6 22.Nxe6 Rc8 1/2-1/2